| 000 | 00360 a2200133 4500 | ||
|---|---|---|---|
| 003 | Nust | ||
| 005 | 20170207154039.0 | ||
| 040 | _cNust | ||
| 100 | _aMaatta, Bob | ||
| 245 |
_aWebSphere J2EE Application Development (E-BOOK) _bfor IBM ^ iSeries Servers _cBob Maatta |
||
| 260 |
_aInternational Business Machines Corporation _c2002 |
||
| 300 | _a466 p | ||
| 651 | _aE-BOOK | ||
| 942 |
_2ddc _cBK |
||
| 999 |
_c192533 _d192533 |
||